[Event "BL 1314 SG Turm Trier - SV Griesheim"]
[Site "?"]
[Date "2014.02.08"]
[Round "7.6"]
[White "Gordon, Stephen J"]
[Black "Izsak, Gyula"]
[Result "0-1"]
[WhiteElo "2504"]
[BlackElo "2432"]
[PlyCount "104"]
[EventDate "2014.??.??"]

1. Nf3 Nf6 2. c4 e6 3. g3 b6 4. Bg2 Bb7 5. d4 Be7 6. O-O O-O 7. Re1 d5 8. cxd5
exd5 9. Nc3 Nbd7 10. Bf4 a6 11. Ne5 c6 12. Qb3 Nxe5 13. Bxe5 Nd7 14. Bf4 b5 15.
Rad1 Nf6 16. Be5 Re8 17. e4 dxe4 18. Nxe4 Nxe4 19. Bxe4 Qd7 20. Rd3 Bf8 21. Rf3
g6 22. Qc3 b4 23. Qc1 Bg7 24. Qc5 Bxe5 25. dxe5 Qe7 26. Qxe7 Rxe7 27. Rb3 c5
28. Bxb7 Rxb7 29. Rc1 Rb5 30. Rd3 Ra5 31. b3 Re8 32. Re3 Rxa2 33. Rxc5 Re7 34.
g4 g5 35. Kg2 Kg7 36. Kg3 a5 37. Rb5 h6 38. h3 Ra3 39. Rc5 Rb7 40. h4 a4 41.
hxg5 hxg5 42. e6 axb3 43. Rxg5+ Kf8 44. Rh5 fxe6 45. Rh1 Rc7 46. Rb1 Rc2 47.
Kf4 b2 48. Ree1 Rac3 49. Rxe6 Rxf2+ 50. Kg5 Rc1 51. Re1 Rfc2 52. Rxb2 Rc5+ 0-1

[Event "BL 1314 SG Turm Trier - SV Griesheim"]
[Site "?"]
[Date "2014.02.08"]
[Round "7.7"]
[White "Grabarczyk, Bogdan"]
[Black "Jaracz, Pawel"]
[Result "1/2-1/2"]
[WhiteElo "2401"]
[BlackElo "2493"]
[PlyCount "48"]
[EventDate "2014.??.??"]

1. e4 e5 2. Nf3 Nc6 3. Bc4 Bc5 4. c3 Nf6 5. d4 exd4 6. cxd4 Bb4+ 7. Bd2 Bxd2+
8. Nbxd2 d5 9. exd5 Nxd5 10. Qb3 Na5 11. Qa4+ Nc6 12. Qb3 Nce7 13. O-O O-O 14.
Rfe1 c6 15. Ne5 Qb6 16. Qxb6 axb6 17. Ne4 Nf5 18. Bxd5 cxd5 19. Nc3 Nxd4 20.
Rad1 Nc6 21. Rxd5 Re8 22. Re3 Be6 23. Rb5 Ra6 24. Nf3 Rd8 1/2-1/2

[Event "BL 1314 SG Turm Trier - SV Griesheim"]
[Site "?"]
[Date "2014.02.08"]
[Round "7.8"]
[White "Gonda, Laszlo"]
[Black "Walter, Stefan"]
[Result "1/2-1/2"]
[WhiteElo "2565"]
[BlackElo "2369"]
[PlyCount "51"]
[EventDate "2014.??.??"]

1. g3 Nf6 2. Bg2 d5 3. Nf3 e6 4. O-O Be7 5. c4 O-O 6. d4 dxc4 7. Qc2 a6 8. Qxc4
b5 9. Qc2 Bb7 10. Bd2 Bd6 11. Rc1 Qe7 12. Ne1 Bxg2 13. Nxg2 e5 14. dxe5 Bxe5
15. Ne3 c5 16. Bc3 Nbd7 17. a4 g6 18. Bxe5 Qxe5 19. Nd2 Rfe8 20. Nf3 Qe6 21.
Rd1 Qc6 22. b3 Rad8 23. Qd3 Rc8 24. axb5 axb5 25. Rac1 Ne5 26. Nxe5 1/2-1/2

[Event "BL 1314 SG Solingen - SC Viernheim"]
[Site "?"]
[Date "2014.02.08"]
[Round "7.1"]
[White "Maze, Sebastien"]
[Black "Ragger, Markus"]
[Result "1-0"]
[WhiteElo "2536"]
[BlackElo "2646"]
[PlyCount "139"]
[EventDate "2014.??.??"]

1. e4 c6 2. Nc3 d5 3. Nf3 Nf6 4. e5 Ne4 5. d3 Nxc3 6. bxc3 c5 7. Be2 Nc6 8. O-O
Bg4 9. Rb1 Qc7 10. Ng5 Bxe2 11. Qxe2 h6 12. Nxf7 Kxf7 13. Qf3+ Kg6 14. Qxd5
Qxe5 15. Qxe5 Nxe5 16. f4 Nf7 17. f5+ Kf6 18. Rxb7 g6 19. fxg6+ Kxg6 20. Rc7
Nd6 21. Rxc5 Bg7 22. Rc7 Bf6 23. c4 Rhc8 24. Rxc8 Rxc8 25. g4 Rc6 26. Kf2 Nf7
27. Ke2 Rb6 28. h3 Nd8 29. Rf5 Nc6 30. Rh5 Bg7 31. Kd1 Rb1 32. c3 Ra1 33. Kc2
Rxa2+ 34. Kb3 Rf2 35. Rc5 Ne5 36. d4 Nd3 37. Rc6+ Kf7 38. Bxh6 Bxh6 39. Rxh6
Nc1+ 40. Kb4 Rb2+ 41. Kc5 a5 42. Ra6 Rc2 43. Kd5 Nb3 44. c5 Rxc3 45. c6 e6+ 46.
Ke5 Re3+ 47. Kd6 Nxd4 48. Rxa5 Rd3 49. Rh5 Nf5+ 50. Kc5 Ng7 51. Rh8 Ne8 52. g5
Rc3+ 53. Kb6 Rb3+ 54. Kc5 Rc3+ 55. Kb6 Rb3+ 56. Kc5 Rb8 57. h4 e5 58. h5 e4 59.
g6+ Kg7 60. Rh7+ Kg8 61. h6 Nf6 62. Rf7 Nh5 63. c7 Re8 64. Rd7 Nf4 65. Re7 Rc8
66. Kc6 e3 67. Kb7 Nd5 68. Rg7+ Kf8 69. Rf7+ Ke8 70. h7 1-0

[Event "BL 1314 SG Solingen - SC Viernheim"]
[Site "?"]
[Date "2014.02.08"]
[Round "7.2"]
[White "L'Ami, Erwin"]
[Black "Wells, Peter K"]
[Result "1/2-1/2"]
[WhiteElo "2649"]
[BlackElo "2461"]
[PlyCount "208"]
[EventDate "2014.??.??"]

1. d4 Nf6 2. c4 e6 3. Nf3 b6 4. g3 Ba6 5. b3 Bb4+ 6. Bd2 Be7 7. Nc3 O-O 8. e4
d5 9. cxd5 Bxf1 10. Kxf1 exd5 11. e5 Ne4 12. Qe2 Nxc3 13. Bxc3 Qd7 14. Kg2 Nc6
15. Ne1 Nd8 16. f4 f5 17. exf6 Bxf6 18. Nf3 Nf7 19. Rad1 Nd6 20. Ne5 Qe6 21.
Bb4 Rac8 22. Rhe1 c5 23. dxc5 bxc5 24. Ba5 Ne4 25. Nf3 c4 26. bxc4 Rxc4 27. Qd3
Ra4 28. Qxd5 Rxa2+ 29. Kf1 Rf2+ 30. Kg1 Qxd5 31. Rxd5 Rxf3 32. Rxe4 Rc8 33. Kg2
Ra3 34. Re2 h6 35. Kh3 Ra4 36. Kg4 Rd4 37. Rb5 Rd7 38. Ra2 Kf7 39. h4 Rc6 40.
h5 Be7 41. Be1 Bc5 42. Bc3 a6 43. Rba5 Bd4 44. Bxd4 Rxd4 45. Rxa6 Rxa6 46. Rxa6
Rd5 47. Kh4 Rd4 48. Ra5 Kf6 49. Re5 Ra4 50. Kh3 Rb4 51. Kg2 Ra4 52. Kf3 Ra3+
53. Re3 Ra1 54. Rb3 Rf1+ 55. Ke4 Re1+ 56. Kf3 Rf1+ 57. Kg2 Ra1 58. g4 Rc1 59.
Kf2 Rh1 60. Rc3 Kf7 61. Rc7+ Kf6 62. Rc6+ Kf7 63. Kf3 Rg1 64. Rd6 Ke7 65. Rg6
Kf7 66. Rc6 Ke7 67. Rg6 Kf7 68. Ke4 Ra1 69. Rd6 Ke7 70. Rb6 Ra5 71. Rc6 Rb5 72.
Ra6 Rc5 73. Rg6 Kf7 74. Rd6 Ra5 75. Rd5 Ra6 76. g5 hxg5 77. fxg5 Rb6 78. Ke5
Ke7 79. Ra5 Rc6 80. Ra7+ Kf8 81. Rd7 Ra6 82. Rd6 Ra8 83. Ke6 Kg8 84. Ke7 Kh7
85. Kf7 Ra7+ 86. Ke6 Rb7 87. Rd8 Ra7 88. Re8 Ra5 89. g6+ Kh6 90. Rh8+ Kg5 91.
Kf7 Ra7+ 92. Kg8 Rb7 93. Kh7 Kxh5 94. Ra8 Kg5 95. Ra1 Rc7 96. Rg1+ Kh5 97. Rf1
Kg5 98. Rf7 Rc6 99. Rxg7 Kh5 100. Rg8 Rb6 101. Rg7 Rc6 102. Rf7 Rxg6 103. Rf5+
Rg5 104. Rxg5+ Kxg5 1/2-1/2

[Event "BL 1314 SG Solingen - SC Viernheim"]
[Site "?"]
[Date "2014.02.08"]
[Round "7.4"]
[White "Naumann, Alexander"]
[Black "Beikert, Guenther"]
[Result "1-0"]
[WhiteElo "2543"]
[BlackElo "2421"]
[PlyCount "175"]
[EventDate "2014.??.??"]

1. d4 d5 2. c4 c6 3. Nf3 Nf6 4. Nc3 e6 5. Bg5 h6 6. Bh4 dxc4 7. e4 g5 8. Bg3 b5
9. Be2 Nbd7 10. d5 exd5 11. exd5 b4 12. dxc6 bxc3 13. cxd7+ Qxd7 14. bxc3 Bg7
15. Be5 O-O 16. O-O Bb7 17. Qxd7 Nxd7 18. Bxg7 Kxg7 19. Nd4 Nb6 20. a4 Be4 21.
a5 Nd5 22. Bxc4 Nxc3 23. Rfc1 Rad8 24. Nb3 Nd5 25. Nc5 Bg6 26. Ra3 Nf4 27. Re3
Rc8 28. Bf1 Nd5 29. Ree1 Rfe8 30. Red1 Nf6 31. f3 Bf5 32. Nb7 Rxc1 33. Rxc1 Rc8
34. Re1 Be6 35. Nd6 Rc5 36. a6 Rc6 37. Rd1 Kf8 38. Nb7 Ke7 39. Rb1 Bd5 40. Re1+
Kf8 41. Rb1 Ne8 42. Na5 Rc3 43. Rb8 Ra3 44. Rb5 Nf6 45. Rc5 Ra1 46. Nb7 h5 47.
Nd6 g4 48. Rc3 gxf3 49. gxf3 h4 50. Rc8+ Ke7 51. Nf5+ Kd7 52. Rc3 Be6 53. Nxh4
Bh3 54. Ng2 Nd5 55. Rb3 Nf4 56. Ne3 Bxf1 57. Nxf1 Rxa6 58. Kf2 Ra1 59. Ne3 Ke6
60. Rb8 Ra2+ 61. Kg3 Nh5+ 62. Kh3 Nf6 63. Kg3 Ra3 64. Kf2 Nh5 65. Re8+ Kd7 66.
Re4 Ra2+ 67. Ke1 a5 68. Nf5 Kc6 69. Rh4 Ra1+ 70. Kd2 Ra2+ 71. Kc1 Nf6 72. Rh6
Kd5 73. Rxf6 Rxh2 74. Ne3+ Kd4 75. Ng4 Rg2 76. Rxf7 a4 77. Kb1 Kc3 78. Re7 a3
79. Ne3 Rh2 80. f4 Kd3 81. f5 Rf2 82. Re6 Rh2 83. Ng4 Rg2 84. Ne5+ Kc3 85. f6
Rf2 86. Rc6+ Kb3 87. Rb6+ Kc3 88. f7 1-0

[Event "BL 1314 SG Solingen - SC Viernheim"]
[Site "?"]
[Date "2014.02.08"]
[Round "7.5"]
[White "Meinhardt, Maximilian"]
[Black "Andersen, Mads"]
[Result "1-0"]
[WhiteElo "2400"]
[BlackElo "2504"]
[PlyCount "113"]
[EventDate "2014.??.??"]

1. e4 e5 2. Nf3 Nc6 3. Bc4 Bc5 4. c3 Nf6 5. d3 a6 6. Nbd2 O-O 7. O-O d6 8. Bb3
Ba7 9. Re1 Ng4 10. Re2 Kh8 11. h3 Nh6 12. Nf1 f5 13. Bg5 Qe8 14. exf5 Bxf5 15.
Qd2 Bxh3 16. Bxh6 gxh6 17. Qxh6 Bf5 18. d4 Qg6 19. Qxg6 Bxg6 20. dxe5 Rxf3 21.
gxf3 Nxe5 22. Kg2 Rf8 23. Ng3 Nd3 24. Re7 Bb6 25. Rh1 Nxf2 26. Rh4 Nd3 27. Nf1
Nf4+ 28. Kg3 Nh5+ 29. Kg2 Nf4+ 30. Kg3 Nh5+ 31. Kg2 Nf4+ 32. Kh1 Nh5 33. Rh3
Ng7 34. Bd5 Nf5 35. Rd7 h5 36. Be4 Be8 37. Rd8 Ng7 38. Bxb7 Ne6 39. Ra8 Kg7 40.
Rh4 Ng5 41. f4 Nh7 42. Ng3 Nf6 43. Bf3 d5 44. Kg2 Rg8 45. Nxh5+ Kf7+ 46. Ng3
Rg7 47. Rh8 Bd7 48. Kh2 Ke7 49. Raf8 Bf2 50. Nh5 Nxh5 51. Bxh5 d4 52. Bf3 Rg3
53. Bd5 Kd6 54. Rd8 d3 55. Rh7 Kxd5 56. Rhxd7+ Ke4 57. Rd4+ 1-0

[Event "BL 1314 SG Solingen - SC Viernheim"]
[Site "?"]
[Date "2014.02.08"]
[Round "7.6"]
[White "Hoffmann, Michael"]
[Black "Mandel, Andreas"]
[Result "1/2-1/2"]
[WhiteElo "2467"]
[BlackElo "2402"]
[PlyCount "59"]
[EventDate "2014.??.??"]

1. d4 Nf6 2. c4 g6 3. Nf3 Bg7 4. g3 O-O 5. Bg2 d6 6. O-O Nbd7 7. Nc3 e5 8. e4
c6 9. h3 Qb6 10. c5 dxc5 11. dxe5 Ne8 12. e6 fxe6 13. Ng5 Ne5 14. f4 Nf7 15.
Nxf7 Bd4+ 16. Kh2 Rxf7 17. e5 Nc7 18. Ne4 Nd5 19. h4 Qc7 20. h5 gxh5 21. Qxh5
Qe7 22. Nd6 Rg7 23. Ne8 Rg6 24. Bxd5 cxd5 25. Nf6+ Rxf6 26. exf6 Bxf6 27. Re1
Qf7 28. Qxf7+ Kxf7 29. g4 Bd7 30. Kg3 1/2-1/2

[Event "BL 1314 SG Solingen - SC Viernheim"]
[Site "?"]
[Date "2014.02.08"]
[Round "7.7"]
[White "Spiegel, Stefan"]
[Black "Wegerle, Joerg"]
[Result "0-1"]
[WhiteElo "2231"]
[BlackElo "2422"]
[PlyCount "122"]
[EventDate "2014.??.??"]

1. e4 c5 2. Nc3 a6 3. f4 b5 4. g3 Bb7 5. Bg2 e6 6. d3 d6 7. Nf3 Nd7 8. Qe2 Qc7
9. f5 e5 10. O-O Ngf6 11. Bd2 Be7 12. Nh4 h6 13. h3 Rc8 14. a4 b4 15. Nd1 c4
16. Ne3 cxd3 17. cxd3 a5 18. b3 Nc5 19. Rab1 Ba6 20. Nc4 Bxc4 21. dxc4 Qc6 22.
Rfe1 Bd8 23. Kh2 Bb6 24. Be3 Ncd7 25. Bf3 Bxe3 26. Qxe3 Qc5 27. Qd2 Nb8 28. Ng2
Nc6 29. Ne3 Nd4 30. Bg2 Qa7 31. g4 Qe7 32. Nd5 Nxd5 33. exd5 Kd8 34. Re4 Qg5
35. Qxg5+ hxg5 36. Re3 Kc7 37. Rf1 Rh6 38. Kg3 Kb6 39. Rf2 Rch8 40. Kh2 Kc5 41.
Kg3 Rf6 42. Bf1 g6 43. fxg6 Rxf2 44. Kxf2 fxg6 45. Bg2 Rf8+ 46. Kg3 Nc2 47. Rd3
Rf4 48. h4 Ne1 49. Rd2 gxh4+ 50. Kxh4 e4 51. Kg5 e3 52. Re2 Nxg2 53. Rxg2 Rf2
54. Rg1 e2 55. Re1 Kd4 56. Kxg6 Ke3 57. g5 Rf1 58. Rxe2+ Kxe2 59. Kg7 Rf3 60.
g6 Rxb3 61. Kg8 Rc3 0-1

[Event "BL 1314 SG Solingen - SC Viernheim"]
[Site "?"]
[Date "2014.02.08"]
[Round "7.8"]
[White "Schaefer, Markus"]
[Black "Mueller, Michael"]
[Result "1-0"]
[WhiteElo "2396"]
[BlackElo "2219"]
[PlyCount "55"]
[EventDate "2014.??.??"]

1. e4 c5 2. Nf3 Nc6 3. d4 cxd4 4. Nxd4 d6 5. Be3 Nf6 6. Nc3 g6 7. Be2 Bg7 8.
O-O O-O 9. Nb3 Be6 10. f4 Qc8 11. Nd4 Nxd4 12. Bxd4 Bc4 13. Kh1 Bxe2 14. Qxe2
Re8 15. Rad1 b6 16. f5 Nd7 17. Nd5 Ne5 18. Qf2 f6 19. c3 Qb7 20. Bxe5 dxe5 21.
fxg6 hxg6 22. Qg3 g5 23. Qg4 Qc8 24. Qh5 Rb8 25. Qg6 Qc6 26. Ne3 e6 27. Ng4 f5
28. Rd7 1-0

[Event "BL 1314 SC Eppingen - SF Katernberg"]
[Site "?"]
[Date "2014.02.09"]
[Round "8.1"]
[White "Kryvoruchko, Yuriy"]
[Black "Harikrishna, P."]
[Result "1/2-1/2"]
[WhiteElo "2704"]
[BlackElo "2712"]
[PlyCount "83"]
[EventDate "2014.??.??"]

1. e4 e5 2. Nf3 Nc6 3. Bb5 Nf6 4. d3 Bc5 5. c3 O-O 6. O-O Re8 7. b4 Bb6 8. Bc4
d6 9. a4 a6 10. Qb3 Qe7 11. a5 Ba7 12. Be3 Be6 13. Nbd2 h6 14. Bxa7 Nxa7 15.
Rfe1 Rad8 16. Bxe6 Qxe6 17. c4 Nc6 18. b5 Ne7 19. d4 exd4 20. Nxd4 Qd7 21. Rab1
Ra8 22. Qc3 c6 23. bxc6 bxc6 24. c5 dxc5 25. N4b3 Rab8 26. Nxc5 Qa7 27. Rxb8
Rxb8 28. Ndb3 Nd7 29. Nxd7 Qxd7 30. h3 Qd6 31. Re3 Ng6 32. g3 h5 33. Nd4 Ne5
34. Kg2 Qb4 35. Nxc6 Nxc6 36. Qxc6 Qxa5 37. Rf3 Qe5 38. Rf5 Qe8 39. Qxe8+ Rxe8
40. Kf3 g6 41. Ra5 Re6 42. g4 1/2-1/2

[Event "BL 1314 SC Eppingen - SF Katernberg"]
[Site "?"]
[Date "2014.02.09"]
[Round "8.2"]
[White "Bologan, Viktor"]
[Black "Romanov, Evgeny"]
[Result "1/2-1/2"]
[WhiteElo "2661"]
[BlackElo "2653"]
[PlyCount "98"]
[EventDate "2014.??.??"]

1. e4 e5 2. Nf3 Nc6 3. Bb5 Nge7 4. Nc3 g6 5. d4 exd4 6. Nxd4 Bg7 7. Be3 a6 8.
Nxc6 Nxc6 9. Bxc6 dxc6 10. Qxd8+ Kxd8 11. O-O-O+ Bd7 12. Bd4 Bxd4 13. Rxd4 Ke7
14. f4 Be6 15. Rhd1 f5 16. a3 a5 17. R4d2 Kf6 18. Re1 Rad8 19. Rde2 Bc4 20. Re3
Rhe8 21. h3 h5 22. g3 Rd4 23. h4 Bf7 24. Rd3 Rxd3 25. cxd3 Rd8 26. Kc2 c5 27.
b3 b6 28. Re3 Be6 29. Nb5 Rc8 30. a4 Bd7 31. Na3 Be6 32. Kc3 Rd8 33. Nb5 Rd7
34. Na7 Kf7 35. Nc6 Rd6 36. Ne5+ Kf6 37. Re1 Rd8 38. Nc6 Rd7 39. Re3 Bf7 40.
Ne5 Rd8 41. Nf3 Be6 42. e5+ Ke7 43. d4 cxd4+ 44. Nxd4 Bd5 45. Nb5 Be4 46. b4
axb4+ 47. Kxb4 c5+ 48. Ka3 Rd2 49. Kb3 Bc6 1/2-1/2

[Event "BL 1314 SC Eppingen - SF Katernberg"]
[Site "?"]
[Date "2014.02.09"]
[Round "8.4"]
[White "Bogner, Sebastian"]
[Black "Bok, Benjamin"]
[Result "1/2-1/2"]
[WhiteElo "2565"]
[BlackElo "2568"]
[PlyCount "45"]
[EventDate "2014.??.??"]

1. d4 Nf6 2. c4 g6 3. Nc3 d5 4. cxd5 Nxd5 5. e4 Nxc3 6. bxc3 Bg7 7. Bc4 c5 8.
Ne2 Nc6 9. Be3 O-O 10. O-O b6 11. dxc5 Qc7 12. cxb6 axb6 13. Rb1 Rb8 14. Bb5
Rd8 15. Qc1 Na7 16. c4 Nxb5 17. cxb5 Qa7 18. Rd1 Be6 19. Nd4 Bxd4 20. Bxd4 Qxa2
21. Qe3 Qa4 22. Rd2 Rd7 23. Bc3 1/2-1/2

[Event "BL 1314 SC Eppingen - SF Katernberg"]
[Site "?"]
[Date "2014.02.09"]
[Round "8.5"]
[White "Firman, Nazar"]
[Black "Postny, Evgeny"]
[Result "0-1"]
[WhiteElo "2530"]
[BlackElo "2634"]
[PlyCount "122"]
[EventDate "2014.??.??"]

1. e4 e5 2. Nf3 Nc6 3. Bb5 a6 4. Ba4 Nf6 5. O-O Be7 6. d3 b5 7. Bb3 O-O 8. a4
Bb7 9. Re1 Re8 10. Bg5 d6 11. axb5 axb5 12. Rxa8 Bxa8 13. Nc3 Na5 14. Ba2 b4
15. Bxf6 Bxf6 16. Nd5 Bxd5 17. Bxd5 c6 18. Bb3 Nxb3 19. cxb3 Qb6 20. g3 Ra8 21.
Kg2 g6 22. Qd2 Qb5 23. Rc1 Kg7 24. Rc4 c5 25. Rc1 Qd7 26. Qc2 Qe6 27. Re1 Be7
28. Nd2 f5 29. Nc4 Rf8 30. f3 h5 31. Ne3 f4 32. Nd5 fxg3 33. hxg3 h4 34. Rh1
Rh8 35. Qc1 Rh5 36. g4 Bg5 37. Qa1 Rh8 38. Qa7+ Kh6 39. Qb7 Rf8 40. Rf1 Rf7 41.
Qb8 Qd7 42. Qh8+ Rh7 43. Qf8+ Rg7 44. Ra1 Qd8 45. Qxd8 Bxd8 46. Ra8 Rd7 47. Ra6
Kg7 48. Ne3 Kf7 49. Nc4 Ke6 50. Kh2 Bg5 51. Kh3 Rd8 52. Kg2 Rd7 53. Nb6 Rf7 54.
Nc4 Be7 55. Ra8 h3+ 56. Kg3 h2 57. Rh8 Bg5 58. Kg2 Bf4 59. g5 Ra7 60. Rh6 Ra1
61. Rxg6+ Ke7 0-1

[Event "BL 1314 SC Eppingen - SF Katernberg"]
[Site "?"]
[Date "2014.02.09"]
[Round "8.6"]
[White "Medvegy, Zoltan"]
[Black "Siebrecht, Sebastian"]
[Result "1-0"]
[WhiteElo "2511"]
[BlackElo "2502"]
[PlyCount "95"]
[EventDate "2014.??.??"]

1. Nf3 Nf6 2. c4 c6 3. g3 d5 4. Bg2 g6 5. b3 Bg7 6. Bb2 O-O 7. O-O Bg4 8. d3
Re8 9. Nbd2 Nbd7 10. h3 Bxf3 11. Nxf3 e5 12. cxd5 Nxd5 13. Qc2 Qe7 14. a3 Rad8
15. Rac1 h5 16. Rfd1 Bh6 17. Rb1 Bg7 18. b4 N7b6 19. e4 Nc7 20. a4 Nd7 21. Bc3
Ne6 22. Qb2 Nb6 23. Qa2 Nd4 24. Bxd4 exd4 25. h4 Nd7 26. Bh3 Nf6 27. b5 c5 28.
b6 a6 29. Rdc1 Bf8 30. Ng5 Nd7 31. f4 Bh6 32. Qc4 Bxg5 33. hxg5 Kg7 34. Kg2 Qd6
35. a5 h4 36. Qd5 Qxd5 37. exd5 Re2+ 38. Kf1 Re3 39. Bxd7 Rxd7 40. Rxc5 Rxg3
41. Kf2 Rg4 42. Kf3 Rg3+ 43. Ke4 Re7+ 44. Kxd4 Rf3 45. Rc7 Rxf4+ 46. Kc5 Re3
47. Rxb7 Rxd3 48. Rd7 1-0

[Event "BL 1314 SC Eppingen - SF Katernberg"]
[Site "?"]
[Date "2014.02.09"]
[Round "8.7"]
[White "Thesing, Matthias"]
[Black "Guliyev, Namig"]
[Result "0-1"]
[WhiteElo "2348"]
[BlackElo "2564"]
[PlyCount "80"]
[EventDate "2014.??.??"]

1. d4 d5 2. c4 dxc4 3. e3 Nf6 4. Bxc4 e6 5. Nf3 a6 6. Qe2 c5 7. dxc5 Bxc5 8. e4
b5 9. Bb3 Bb7 10. e5 Nfd7 11. O-O Nc6 12. Rd1 Qc7 13. Bf4 Be7 14. Nbd2 Nc5 15.
Rac1 Rd8 16. Bc2 O-O 17. Bb1 Nd4 18. Qe3 Nxf3+ 19. gxf3 a5 20. Ne4 Rxd1+ 21.
Rxd1 Nxe4 22. Bxe4 Bc5 23. Qd3 Bxe4 24. Qxe4 Rc8 25. Rc1 Qd7 26. Be3 Bxe3 27.
Rxc8+ Qxc8 28. Qxe3 h6 29. Qd4 b4 30. Kg2 Qc2 31. Qd8+ Kh7 32. Qd4 Qg6+ 33. Kh3
Qg1 34. Qe4+ g6 35. Qf4 Kg8 36. Qd2 Kg7 37. b3 g5 38. Qd8 Qxf2 39. Qf6+ Kg8 40.
Qd8+ Kh7 0-1

[Event "BL 1314 SC Eppingen - SF Katernberg"]
[Site "?"]
[Date "2014.02.09"]
[Round "8.8"]
[White "Mann, Christian Dr"]
[Black "Hoolt, Sarah"]
[Result "1/2-1/2"]
[WhiteElo "2447"]
[BlackElo "2330"]
[PlyCount "64"]
[EventDate "2014.??.??"]

1. Nf3 Nf6 2. g3 d5 3. Bg2 Bg4 4. Ne5 Bf5 5. d4 e6 6. c4 c6 7. Nc3 Nbd7 8. Bg5
h6 9. Nxd7 hxg5 10. Nxf6+ Qxf6 11. cxd5 exd5 12. Qa4 b5 13. Qd1 Qg6 14. e4 dxe4
15. g4 Bd7 16. Bxe4 Qe6 17. Qf3 Rc8 18. h3 Bb4 19. O-O Kf8 20. Bf5 Qe7 21. Rfe1
Qd8 22. Re5 Rc7 23. Ne4 Bxf5 24. Rxf5 g6 25. Rxg5 Kg7 26. Re5 Bd6 27. Nxd6 Qxd6
28. Qe3 Rd7 29. Rd1 f6 30. Re6 Qd5 31. Rc1 Rxh3 32. Qe4 Qxe4 1/2-1/2

[Event "BL 1314 Bayern München - Turm Emsdetten"]
[Site "?"]
[Date "2014.02.09"]
[Round "8.1"]
[White "Giri, Anish"]
[Black "Belezky, Alexander"]
[Result "1-0"]
[WhiteElo "2746"]
[BlackElo "2451"]
[PlyCount "75"]
[EventDate "2014.??.??"]

1. d4 Nf6 2. c4 e6 3. Nc3 Bb4 4. Qc2 Nc6 5. Nf3 d6 6. Bd2 O-O 7. a3 Bxc3 8.
Bxc3 Qe7 9. e4 e5 10. d5 Nb8 11. Be2 Nh5 12. Nxe5 Nf6 13. Nf3 Nxe4 14. O-O Nxc3
15. Qxc3 Nd7 16. Nd4 Nf6 17. Rfe1 Bd7 18. Bf3 Qd8 19. Ne6 fxe6 20. dxe6 Bxe6
21. Rxe6 Rb8 22. Rae1 Rf7 23. h4 Kh8 24. h5 h6 25. Bd1 Ng8 26. Bc2 Qh4 27. g3
Qg4 28. Qd3 Nf6 29. Re8+ Rf8 30. R8e7 Rbc8 31. R1e6 Kg8 32. Kg2 Rf7 33. Rxf6
Rxf6 34. f3 Qg5 35. Qh7+ Kf8 36. Rd7 Ke8 37. Rxg7 Qd2+ 38. Kh3 1-0

[Event "BL 1314 Bayern München - Turm Emsdetten"]
[Site "?"]
[Date "2014.02.09"]
[Round "8.2"]
[White "Jorczik, Julian"]
[Black "Mchedlishvili, Mikheil"]
[Result "0-1"]
[WhiteElo "2402"]
[BlackElo "2655"]
[PlyCount "110"]
[EventDate "2014.??.??"]

1. d4 Nf6 2. Nf3 g6 3. c4 Bg7 4. g3 b6 5. Nc3 Bb7 6. d5 c6 7. Bg2 O-O 8. O-O
Ba6 9. Qa4 c5 10. e4 Ng4 11. e5 d6 12. exd6 exd6 13. Bf4 f6 14. Ne4 Ne5 15.
Nxe5 dxe5 16. d6 Qd7 17. Nc3 Qxa4 18. Nxa4 Nd7 19. Bd5+ Kh8 20. Bxa8 Rxa8 21.
Be3 Bxc4 22. Rfe1 Kg8 23. Nc3 Kf7 24. Rad1 Rd8 25. f3 Nb8 26. f4 Nc6 27. Kf2 h6
28. b3 Be6 29. fxe5 fxe5 30. Nb5 Bg4 31. Rd2 a6 32. Nc7 Nd4 33. Bxd4 cxd4 34.
Nxa6 Rxd6 35. Nc7 h5 36. Nb5 Rf6+ 37. Kg2 Bf3+ 38. Kh3 Bg4+ 39. Kg2 Bf3+ 40.
Kh3 Bh6 41. Rc2 Be3 42. Na3 b5 43. Nxb5 g5 44. Na3 Kg6 45. Rxe3 g4+ 46. Kh4
dxe3 47. Nc4 e2 48. Rc1 Be4 49. Nxe5+ Kh6 50. Re1 Rf2 51. h3 Rh2 52. Nf7+ Kg6
53. Ng5 Bf3 54. a4 Rh1 55. Nxf3 Rxh3# 0-1

[Event "BL 1314 Bayern München - Turm Emsdetten"]
[Site "?"]
[Date "2014.02.09"]
[Round "8.3"]
[White "Ipatov, Alexander"]
[Black "Meister, Peter"]
[Result "1-0"]
[WhiteElo "2610"]
[BlackElo "2415"]
[PlyCount "113"]
[EventDate "2014.??.??"]

1. d4 g6 2. c4 Bg7 3. e4 d6 4. Nf3 Bg4 5. Be2 Nc6 6. Be3 e5 7. d5 Bxf3 8. Bxf3
Nd4 9. Nc3 c5 10. Be2 Nf6 11. Bd3 a6 12. O-O O-O 13. Bxd4 exd4 14. Nb1 h5 15.
Nd2 Qe7 16. Qc2 Bh6 17. Rae1 Rae8 18. g3 h4 19. Qd1 hxg3 20. hxg3 Bxd2 21. Qxd2
Kg7 22. Kg2 Rh8 23. Rh1 Rxh1 24. Rxh1 Rh8 25. Rxh8 Kxh8 26. Qh6+ Kg8 27. Qh4
Kg7 28. f4 b5 29. b3 bxc4 30. bxc4 Qe8 31. Kf3 Nd7 32. Qg5 f6 33. Qg4 Nf8 34.
Qh4 Nd7 35. Qg4 Nf8 36. Qh4 Qe7 37. Qh2 Qb7 38. g4 Qe7 39. g5 fxg5 40. e5 g4+
41. Kxg4 Nd7 42. e6 Nf6+ 43. Kf3 Ne8 44. Qg3 Qf6 45. Ke2 Kh6 46. Qh2+ Kg7 47.
Kd1 Qe7 48. Qg3 Qf6 49. Kc2 Kh6 50. Qh2+ Kg7 51. a3 Qe7 52. Qg3 Qf6 53. Kb3 Kh6
54. Qh2+ Kg7 55. Ka4 Qe7 56. Qg3 Qf6 57. Qg5 1-0

[Event "BL 1314 Bayern München - Turm Emsdetten"]
[Site "?"]
[Date "2014.02.09"]
[Round "8.4"]
[White "Reiss, Tibor"]
[Black "Grandelius, Nils"]
[Result "0-1"]
[WhiteElo "2375"]
[BlackElo "2605"]
[PlyCount "80"]
[EventDate "2014.??.??"]

1. d4 Nf6 2. Bg5 e6 3. e4 h6 4. Bxf6 Qxf6 5. Nc3 d6 6. Qd2 c6 7. Nf3 e5 8. d5
Nd7 9. a4 Qd8 10. a5 a6 11. Bc4 Be7 12. O-O O-O 13. Na4 Rb8 14. b4 Nf6 15. Rfe1
Bg4 16. Ra3 cxd5 17. Bxd5 Nxd5 18. exd5 Bf5 19. c4 e4 20. Nd4 Bg6 21. Nb6 Bg5
22. Qc3 Bf4 23. c5 Qg5 24. Ra2 dxc5 25. bxc5 Rbd8 26. d6 Rfe8 27. Re3 Re5 28.
Rc2 Qh5 29. g3 Bxe3 30. fxe3 Qd1+ 31. Kg2 Bh5 32. Rc1 Bf3+ 33. Kf2 Rxc5 34.
Rxd1 Rxc3 35. Nxf3 exf3 36. Rd5 Rb3 37. Kxf3 f6 38. Ke4 Kf7 39. Kd4 Ke6 40. d7
Rb4+ 0-1

[Event "BL 1314 Bayern München - Turm Emsdetten"]
[Site "?"]
[Date "2014.02.09"]
[Round "8.5"]
[White "Pruijssers, Roeland"]
[Black "Fedorovsky, Michael"]
[Result "1/2-1/2"]
[WhiteElo "2524"]
[BlackElo "2409"]
[PlyCount "43"]
[EventDate "2014.??.??"]

1. e4 c5 2. Nf3 d6 3. d4 cxd4 4. Nxd4 Nf6 5. Nc3 Nc6 6. Bg5 g6 7. Bxf6 exf6 8.
Be2 Bg7 9. Ndb5 O-O 10. Qxd6 f5 11. O-O-O Qa5 12. Qg3 fxe4 13. Bc4 a6 14. Nd6
Be5 15. Qe3 Bxd6 16. Rxd6 Qb4 17. Nxe4 Qxc4 18. Nf6+ Kg7 19. Nh5+ gxh5 20. Qg5+
Kh8 21. Qf6+ Kg8 22. Qg5+ 1/2-1/2

[Event "BL 1314 Bayern München - Turm Emsdetten"]
[Site "?"]
[Date "2014.02.09"]
[Round "8.6"]
[White "Singer, Christoph"]
[Black "Hector, Jonny"]
[Result "0-1"]
[WhiteElo "2349"]
[BlackElo "2508"]
[PlyCount "46"]
[EventDate "2014.??.??"]

1. e4 e5 2. Nf3 Nc6 3. Bc4 Nf6 4. d3 Bc5 5. Nc3 d6 6. Bg5 h6 7. Bxf6 Qxf6 8.
Nd5 Qd8 9. c3 Ne7 10. h3 c6 11. Nxe7 Qxe7 12. O-O g5 13. d4 Bb6 14. Qd3 h5 15.
Kh2 Bd7 16. dxe5 dxe5 17. Rad1 Rd8 18. Qd6 f6 19. Qxe7+ Kxe7 20. Rd2 Bc8 21.
Re2 Rd6 22. Rd2 Rhd8 23. Rxd6 Rxd6 0-1

[Event "BL 1314 Bayern München - Turm Emsdetten"]
[Site "?"]
[Date "2014.02.09"]
[Round "8.7"]
[White "Zumsande, Martin"]
[Black "Zwanzger, Johannes"]
[Result "1-0"]
[WhiteElo "2430"]
[BlackElo "2326"]
[PlyCount "83"]
[EventDate "2014.??.??"]

1. e4 e5 2. Nf3 Nc6 3. d4 exd4 4. Nxd4 Nf6 5. Nxc6 bxc6 6. e5 Qe7 7. Qe2 Nd5 8.
c4 Ba6 9. b3 g6 10. Bb2 Bg7 11. g3 O-O 12. Bg2 Rae8 13. O-O Bxe5 14. Qxe5 Qxe5
15. Bxe5 Rxe5 16. cxd5 Bxf1 17. Kxf1 cxd5 18. Nc3 c6 19. Na4 Rfe8 20. Bf3 Kf8
21. Rc1 Ke7 22. Rc5 Kd6 23. Ra5 Re1+ 24. Kg2 Ra8 25. Nc5 Rc1 26. b4 Rc3 27. h4
f5 28. Be2 Kc7 29. a3 a6 30. Nd3 d6 31. Nf4 Rb3 32. Bf3 Ra7 33. h5 gxh5 34.
Bxh5 Kb6 35. Bd1 Rb2 36. Be2 d4 37. Rxf5 a5 38. b5 cxb5 39. Rd5 Kc6 40. Rxd4 b4
41. a4 Rxe2 42. Rc4+ 1-0